Reconsidering Science Learning (Record no. 1035)

MARC details
000 -LEADER
fixed length control field 01389cam a22003614a 4500
001 - CONTROL NUMBER
control field 13190717
003 - CONTROL NUMBER IDENTIFIER
control field OSt
005 - DATE AND TIME OF LATEST TRANSACTION
control field 20260422090843.0
008 - FIXED-LENGTH DATA ELEMENTS--GENERAL INFORMATION
fixed length control field 030508s2004 enka b 001 0 eng
010 ## - LIBRARY OF CONGRESS CONTROL NUMBER
LC control number 2003046980
020 ## - INTERNATIONAL STANDARD BOOK NUMBER
International Standard Book Number 9780415328302
020 ## - INTERNATIONAL STANDARD BOOK NUMBER
International Standard Book Number 0415328314
035 ## - SYSTEM CONTROL NUMBER
System control number (OCoLC)ocm52347871
040 ## - CATALOGING SOURCE
Original cataloging agency DLC
Transcribing agency OGU
Modifying agency YDX
-- OCL
-- BAKER
-- DLC
042 ## - AUTHENTICATION CODE
Authentication code pcc
050 00 - LIBRARY OF CONGRESS CALL NUMBER
Classification number Q181
Item number .R375 2004
082 00 - DEWEY DECIMAL CLASSIFICATION NUMBER
Classification number 507/.1/2
Edition information 21
100 ## - MAIN ENTRY--PERSONAL NAME
Personal name Murphy Patricia
Relator term Editor
245 00 - TITLE STATEMENT
Title Reconsidering Science Learning
Statement of responsibility, etc. by Patricia Murphy, Eileen Scanlon, Jeff Thomas and Elizabeth Whitelegg
250 ## - EDITION STATEMENT
Edition statement 1st
260 ## - PUBLICATION, DISTRIBUTION, ETC.
Place of publication, distribution, etc. London ;
-- New York :
Name of publisher, distributor, etc. RoutledgeFalmer :
-- Open University,
Date of publication, distribution, etc. c2005
300 ## - PHYSICAL DESCRIPTION
Extent xiv, 267 p. :
Other physical details ill. ;
Dimensions 25 cm.
504 ## - BIBLIOGRAPHY, ETC. NOTE
Bibliography, etc. note Includes bibliographical references and index.
650 #0 - SUBJECT ADDED ENTRY--TOPICAL TERM
Topical term or geographic name entry element Science
General subdivision Study and teaching (Secondary)
650 #0 - SUBJECT ADDED ENTRY--TOPICAL TERM
Topical term or geographic name entry element Science
General subdivision Study and teaching
-- Research.
700 1# - ADDED ENTRY--PERSONAL NAME
Personal name Scanlon Eileen
Relator term Editor
700 1# - ADDED ENTRY--PERSONAL NAME
Personal name Thomas Jeff
Relator term Editor
700 1# - ADDED ENTRY--PERSONAL NAME
Personal name Whitelegg Elizabeth
Relator term Editor
856 42 - ELECTRONIC LOCATION AND ACCESS
Materials specified Publisher description
Uniform Resource Identifier <a href="http://www.loc.gov/catdir/enhancements/fy0701/2003046980-d.html">http://www.loc.gov/catdir/enhancements/fy0701/2003046980-d.html</a>
906 ## - LOCAL DATA ELEMENT F, LDF (RLIN)
a 7
b cbc
c orignew
d 1
e ocip
f 20
g y-gencatlg
942 ## - ADDED ENTRY ELEMENTS (KOHA)
Source of classification or shelving scheme Library of Congress Classification
Koha item type Books
Suppress in OPAC No
Holdings
Withdrawn status Lost status Source of classification or shelving scheme Damaged status Not for loan Home library Current library Date acquired Total checkouts Full call number Barcode Date last seen Price effective from Koha item type
    Library of Congress Classification     Main Campus 2nd Floor Main Library 06/15/2025   Q181.R375 2004 103324 06/15/2025 06/15/2025 Books